LEADER 01187nam--2200361---450- 001 990002754490203316 005 20060613095859.0 035 $a000275449 035 $aUSA01000275449 035 $a(ALEPH)000275449USA01 035 $a000275449 100 $a20060613d1980----km-y0itay0103----ba 101 $aita 102 $aIT 105 $a||||||||001yy 200 1 $aGuida alla comunicazione interpersonale e di gruppo$ead uso dirigenti, quadri intermedi, vanditori, esperti di relazioni industriali, animatori, operatori scolastici, sociali, politici, sindacali$fDario Truini 205 $a6. ed. 210 $aMilano$cF. Angeli$dc1980 215 $a163 p.$d22 cm 225 2 $aFormazione permanente$iProblemi d'oggi$v21 410 $12001$aFormazione permanente$iProblemi d'oggi$v21 461 1$1001-------$12001 606 0 $aComunicazione 676 $a302.2 700 1$aTRUINI,$bDario$0246021 801 0$aIT$bsalbc$gISBD 912 $a990002754490203316 951 $aP10 283$bDISTRA 959 $aBK 969 $aDISTRA 979 $aDISTRA2$b10$c20060613$lUSA01$h0958 996 $aGuida alla comunicazione interpersonale e di gruppo$9812132 997 $aUNISA LEADER 01177nam0 22002651i 450 001 VAN0059404 005 20070523120000.0 020 $aIT$b2000 4998 100 $a20070523e19991476 |0itac50 ba 101 $aita 102 $aIT 105 $a|||| ||||| 200 1 $aAbbatia Sanctae Mariae de Ferrara in agro Vairano$enotarii Francisci Antonii de Pernutiis platea 1622-23$efondo Gesuitico, manoscritto 1048 alla Biblioteca nazionale centrale di Roma$fpresentazione del prof. Enrico Cuozzo$ga cura di Domenico Loffreda 210 $aNapoli$cLoffredo$d[1999] 215 $aXIII, 415 p.$cill.$d24 cm. 620 $dNapoli$3VANL000005 676 $a333.3220945725$v21 702 1$aLoffreda$bDomenico$3VANV047005 712 $aLoffredo $3VANV108383$4650 801 $aIT$bSOL$c20230901$gRICA 899 $aBIBLIOTECA DEL DIPARTIMENTO DI LETTERE E BENI CULTURALI$1IT-CE0103$2VAN07 912 $aVAN0059404 950 $aBIBLIOTECA DEL DIPARTIMENTO DI LETTERE E BENI CULTURALI$d07CONS Bb Vairano Patenora $e07 17667 1295 20070523 996 $aAbbatia Sanctae Mariae de Ferrara in agro Vairano$91090303 997 $aUNICAMPANIA